000 00607nam a2200193Ia 4500
005 20260114185709.0
008 008 260114s9999 xx 000 0 eng d
020 _a9780755623488
037 _aEBOOK
040 _aCRL
_beng
_cCRL
041 _aeng
_2eng
084 _qCRL
100 _aAlex Drace-Francis
_9873268
245 4 _aThe Making of Modern Romanian Culture Literacy and the Development of National Identity
260 _bBloomsbury
_c2005
856 _uhttps://doi.org/10.5040/9780755623488?locatt=label:secondary_bloomsburyCollections
942 _cEBOOK
999 _c1472216
_d1472216